| 000 | 00673nam a22002297a 4500 | ||
|---|---|---|---|
| 999 |
_c4044 _d4044 |
||
| 001 | 4044 | ||
| 003 | BD-JhCC | ||
| 005 | 20171122181735.0 | ||
| 008 | 171122s2006 bg ao||| |||| 00| 0 beg d | ||
| 020 | _a9844125804 | ||
| 035 | _a(BD-JhCC)4044 | ||
| 040 |
_aBD-JhCC _dBD-JhCC |
||
| 041 | _aben | ||
| 082 |
_a631.5 _bSIR 2006 |
||
| 100 | _aসিরাজ, শাইখ | ||
| 245 |
_aমাটি ও মানুষের চাষবাস / _cশাইখ সিরাজ |
||
| 260 |
_aঢাকা : _bঅনন্যা, _c২০০৬. |
||
| 300 |
_a১৮৯ পৃ. : _bill. ; _c২১ সেমি. |
||
| 650 | _aCultivation | ||
| 942 |
_2ddc _cBK |
||